| 000 | 00918cam a2200265 4500 | ||
|---|---|---|---|
| 008 | 020722n2003 000 0 eng u | ||
| 020 | _a0750648198 | ||
| 035 | _a(Sirsi) u118990 | ||
| 041 | _aeng. | ||
| 050 |
_a725.4 _c18 |
||
| 100 | _aDrury, Jolyon | ||
| 245 | _aBuildings for industrial storage and distribution | ||
| 250 | _a2nd ed. | ||
| 260 |
_aOxford _bArchitectural Press _c2003 |
||
| 300 |
_axiv, 270p. _bill. _c31cm. |
||
| 350 | _a85 | ||
| 520 | _aA practical guide for architects and logistical experts to planning and designing buildings for industrial use. Covers the buildings themselves, the storage systems within, and their connections with the supply chain. | ||
| 650 | _aINDUSTRIAL BUILDINGS | ||
| 650 | _aINDUSTRIAL SITES | ||
| 650 | _aINDUSTRIAL DESIGN | ||
| 650 | _aSTORAGE DEPOTS | ||
| 690 | _aBUILT ENVIRONMENT-CONSTRUCTION DESIGN | ||
| 700 | _aFalconer, Peter | ||
| 942 | _n0 | ||
| 999 |
_c102231 _d102231 |
||